Introduction to forensic sciences(EBOOK) (Record no. 192022)

000 -LEADER
fixed length control field 00783 a2200277 4500
003 - CONTROL NUMBER IDENTIFIER
control field Nust
005 - DATE AND TIME OF LATEST TRANSACTION
control field 20170207154028.0
020 ## - INTERNATIONAL STANDARD BOOK NUMBER
International Standard Book Number 0-8493-8101-0 ;
040 ## - CATALOGING SOURCE
Transcribing agency Nust
082 ## - DEWEY DECIMAL CLASSIFICATION NUMBER
Classification number 363.25
082 ## - DEWEY DECIMAL CLASSIFICATION NUMBER
Classification number 363.25
245 00 - TITLE STATEMENT
Title Introduction to forensic sciences(EBOOK)
Statement of responsibility, etc. edited by William G. Eckert
250 ## - EDITION STATEMENT
Edition statement 2nd ed
260 ## - PUBLICATION, DISTRIBUTION, ETC.
Place of publication, distribution, etc. Boca Raton, Fla. ;
-- London :
Name of publisher, distributor, etc. CRC,
Date of publication, distribution, etc. cop. 1997
300 ## - PHYSICAL DESCRIPTION
Extent xi, 390 p., [2] p. of plates :
Other physical details ill. (some col.) ;
Dimensions 24 cm
500 ## - GENERAL NOTE
General note Previous ed.: Mosby, 1980
650 #7 - SUBJECT ADDED ENTRY--TOPICAL TERM
Topical term or geographic name entry element Criminal investigation
650 #7 - SUBJECT ADDED ENTRY--TOPICAL TERM
Topical term or geographic name entry element Forensic sciences
650 #7 - SUBJECT ADDED ENTRY--TOPICAL TERM
Topical term or geographic name entry element Forensic sciences
650 #7 - SUBJECT ADDED ENTRY--TOPICAL TERM
Topical term or geographic name entry element Kriminalteknik
650 #7 - SUBJECT ADDED ENTRY--TOPICAL TERM
Topical term or geographic name entry element Kriminalteknik
650 #7 - SUBJECT ADDED ENTRY--TOPICAL TERM
Topical term or geographic name entry element Kriminalteknik
650 #7 - SUBJECT ADDED ENTRY--TOPICAL TERM
Topical term or geographic name entry element Medical jurisprudence
651 ## - SUBJECT ADDED ENTRY--GEOGRAPHIC NAME
Geographic name EBOOK
700 1# - ADDED ENTRY--PERSONAL NAME
Personal name Eckert, William G.
Relator code oth
942 ## - ADDED ENTRY ELEMENTS (KOHA)
Source of classification or shelving scheme
Koha item type Book
Holdings
Withdrawn status Lost status Source of classification or shelving scheme Damaged status Not for loan Collection code Permanent Location Current Location Date acquired Total Checkouts Full call number Barcode Date last seen Price effective from Koha item type
            Military College of Signals (MCS) Military College of Signals (MCS) 12/12/2016   363.25 ECK MCSEB-569 12/08/2016 12/12/2016 Book
© 2023 Central Library, National University of Sciences and Technology. All Rights Reserved.